| 000 | 00540nam a22001577a 4500 | ||
|---|---|---|---|
| 008 | 150612b xxu||||| |||| 00| 0 eng d | ||
| 020 | _a9781933821153 | ||
| 080 | _277.03 | ||
| 245 | 0 | 0 |
_aAmerica the beautiful : _c[editor, Robert Sullivan]. |
| 260 |
_aNew York : _bLife Books, _cc2007. |
||
| 300 |
_a141 f. : _bilustrime.me ngjyr. , harta me ngjyra _c36 cm. |
||
| 650 | 0 | _aLandscape photography | |
| 650 | 0 | _aFototgrafi peisazhi | |
| 700 | 1 |
_aSullivan, Robert, _d1953- |
|
| 942 |
_2udc _cBK |
||
| 999 |
_c1040 _d1040 |
||